ბათუმის შოთა რუსთაველის სახელმწიფო უნივერსიტეტის ბიბლიოთეკა

Реферативный журнал.Биология.№9. 2014 (ბიბ.ჩანაწერი № 45703)

000 -LEADER
fixed length control field 00532nam a2200193Ia 4500
001 - CONTROL NUMBER
control field 12530
003 - CONTROL NUMBER IDENTIFIER
control field GE_BSU
008 - FIXED-LENGTH DATA ELEMENTS--GENERAL INFORMATION
fixed length control field 181216s||||||||xx |||||||||||||| ||und||
040 ## - CATALOGING SOURCE
Transcribing agency GE_BSU
080 ## - UNIVERSAL DECIMAL CLASSIFICATION NUMBER
Universal Decimal Classification number პერიოდიკა
245 ## - TITLE STATEMENT
Title Реферативный журнал.Биология.№9. 2014
245 ## - TITLE STATEMENT
Statement of responsibility, etc. Гл.ред.Петров Р.В.
260 ## - PUBLICATION, DISTRIBUTION, ETC.
Place of publication, distribution, etc. Москва
260 ## - PUBLICATION, DISTRIBUTION, ETC.
Date of publication, distribution, etc. 2014
300 ## - PHYSICAL DESCRIPTION
Extent 36стр.30см.
653 ## - INDEX TERM--UNCONTROLLED
Uncontrolled term Биология
653 ## - INDEX TERM--UNCONTROLLED
Uncontrolled term Реферативный журнал.
942 ## - ADDED ENTRY ELEMENTS (KOHA)
Koha item type პერიოდიკა
ეგზემპლარები
Withdrawn status Lost status Damaged status Not for loan Date acquired Barcode Date last seen Price effective from Koha item type
        2018-12-17 p76556 2018-12-17 2018-12-17 პერიოდიკა